000 05720nam a2200529Ia 4500
001 dia_4602
003 CHAP
005 20241112093144.0
007 ta
008 220117s2009 mx bdeofrm 001 0 spa d
010 _a175267
040 _amxchpua
_cCHAP
041 0 _aspa
_beng
090 _aTesis
_bM374
_c2009
100 1 _aMartínez Torrijos, Erik
240 1 0 _aDiagnostic, evaluation and technical engineering proposition for the extension of an coffee benefit.
_lEspañol
245 1 0 _aDiagnóstico, evaluación y propuesta técnico ingenieriles para la ampliación de un beneficio de café /
_cErik Martínez Torrijos y Fidelia Velasco Hernández
264 _aChapingo, México :
_bEl autor,
_c2009
300 _avii, 150 hojas :
_bilustraciones, tablas, gráficas, mapas, planos, fotografías +
336 _2rdacontent
_atexto
_btxt
337 _2rdamedia
_ano mediado
_bn
338 _2rdacarrier
_avolumen
_bnc
500 _aIncluye planos en el reporte.
502 _aTesis
_b(Ingeniero Agroindustrial) --
_cUACh. Departamento de Ingeniería Agroindustrial,
_d2009
504 _aBibliografía : hojas 145-150
505 0 _a12 planos : -- 1. Diagrama de flujo de proceso -- 2. Distribución de áreas situación actual (Es. 1:15) -- 3. Distribución de maquinaría y equipo, situación actual (Esc. 1:75) -- 4. Diagrama de recorrido de producto actual (Esc. 1:75) -- 5. Distribución de área cobertizo (Esc. 1:200) -- 5. Diagrama de recorrido del producto propuesto (Esc. 1:200) -- 6. Distribución de maquinaría y equipo propuesto (Esc. 1:75) -- 7. Plano de iluminación propuesto (Esc. 1:200) -- 8. Plano de motores propuesto (Esc. 1:75) -- 9. Distribución de áreas propuesta (Esc. 1:75 )-- 10. Distribución de maquinaría y equipo propuesto (Esc. 1:75 )-- 11. Corte frontal a-b -- 12. Diagrama de recorrido del producto propuesto (Esc. 1:75 )
520 3 _aPor el valor que representa, el café es uno de los principales productos agrícolas, con un peso importante en el comercio mundial, dando ocupación directa e indirecta a poco más de 20 millones de personas dedicadas al cultivo, transformación, procesamiento y comercialización del producto en todo el mundo. En el país existen pequeñas y medianas agroindustrias dedicadas al procesamiento y transformación de productos alimenticios, cuyas instalaciones no fueron planeadas ni proyectado su crecimiento cuando surgieron por lo cual es necesario hacer un rediseño de sus instalaciones. El presente trabajo se originó mediante una visita a la empresa Nogueras S.P.R de R.L. en el estado de Colima, y tras observar que existe la necesidad de planear y proyectar su crecimiento, el presente trabajo se ocupa de una adecuada distribución de áreas, maquinaria y equipos que permita la optimización de las instalaciones y eficientar sus procesos; debido a que en una sola área se encuentra el beneficio seco, la torrefacción, el envasado y almacén. Será trasladado al Cobertizo Agroindustrial (Área nueva) el beneficio seco, en donde ya se encuentra establecido el beneficio húmedo, en esta área se diseñó el acomodo de la línea de proceso del beneficio seco y húmedo, y de su maquinaria, así como el diseño de las instalaciones eléctricas y de fuerza. En el área que quedó desocupada por el beneficio seco se rediseño el área de torrefacción, almacén y venta del café.
520 3 _aDue to is importance, coffee represents one the main. Agricultural products, with an important economic weight within the World commerce; bringing direct and indirect occupation to more than 20 million people; most dedicated to cultivation, transformation, processing and commercialization of the product around the world. In Mexico exists small and medium agro industries dedicated to the processing and transformation of nutritional products, whose facilities were not planed neither projected when the emerged, this implies a necessary redesign of these facilities. The present work was originated from a visit to the company “Nogueras S.P.R. of R.L.” situated in the State of Colima, Mexico. Alter observing that there is a real need to plan and professionally Project its growth, this work takes its relevance, specially regarding an adequate distribution of areas, machinery and equipment that will allow an efficient process and the optimization of the facilities. In a single area are concentrated all of the process; the drying, the toasting, the packaging and warehouse. The drying process will be transferred to the agro industrial shed, where already it is established the humidity area and its process; also the machinery will be located in this area as well as the design of the electrical systems. In the now unoccupied area that we left free, we will locate the toasting process, and also use it as warehouse and as sales counter.
650 1 3 _aCoffea arabica
_2atg
650 1 3 _aProductos del café
_2atg
650 1 3 _aIniciativa empresarial
_2atg
650 1 3 _aDesarrollo comunitario
_2atg
650 1 3 _aEmpresas pequeñas
_2atg
650 1 3 _aCoffee products
_2atg
650 1 3 _aEntrepreneurship
_2atg
650 1 3 _aCommunity development
_2atg
650 1 3 _aSmall businesses
_2atg
700 1 _aVelasco Hernández, Fildelia
_eautor
700 1 _aSzymanski Duque, Rosa Guadalupe
_edirector
700 1 _aBañuelos Gudiño, Mario Marco Vinicio
_easesor
700 1 _aCovarrubias Gutiérrez, Ignacio
_easesor
856 4 1 _uhttp://10.13.5.2/tesis/108674.pdf
_yDESCARGAR PDF
901 _aTESIS M374 2009
902 _aM
905 _a5232272009 mx ame 8222223322spa16
942 _cTESIS
_2Clasificación Universidad Autónoma Chapingo
999 _c175267
_d175267